All 30 Rare Replay Games - Statistics

General Stats
  • This quiz has been taken 10 times
  • The average score is 15 of 30
Answer Stats
Release Year Answer % Correct
1998 Banjo-Kazooie
100%
2000 Banjo-Tooie
100%
1997 Blast Corps
71%
2005 Kameo
71%
2008 Banjo-Kazooie: Nuts & Bolts
57%
1991 Battletoads
57%
2001 Conker's Bad Fur Day
57%
1983 Jetpac
57%
2003 Grabbed by the Ghoulies
57%
1999 Jet Force Gemini
57%
1996 Killer Instinct Gold
57%
2000 Perfect Dark
57%
1984 Sabre Wulf
57%
2006 Viva Piñata
57%
1983 Atic Atac
43%
1994 Battletoads Arcade
43%
1989 Cobra Triangle
43%
1985 Gunfright
43%
2007 Jetpac Refuelled
43%
1984 Knight Lore
43%
2005 Perfect Dark Zero
43%
1987 R.C. Pro-Am
43%
1992 R.C. Pro-Am II
43%
1986 Slalom
43%
1990 Snake Rattle 'n' Roll
43%
1984 Underwurlde
43%
1990 Digger T. Rock
29%
1990 Solar Jetman
29%
2008 Viva Piñata: Trouble in Paradise
29%
1983 Lunar Jetman
14%
No matching quizzes found
Score Distribution
Percent of People with Each Score
Percentile by Number Answered
Your Score History
You have not taken this quiz